<?xml version="1.0" encoding="UTF-8"?>
<record
    xmlns:xsi="http://www.w3.org/2001/XMLSchema-instance"
    xsi:schemaLocation="http://www.loc.gov/MARC21/slim http://www.loc.gov/standards/marcxml/schema/MARC21slim.xsd"
    xmlns="http://www.loc.gov/MARC21/slim">

  <leader>03463nam a22003137a 4500</leader>
  <controlfield tag="001">113633</controlfield>
  <controlfield tag="003">DR-UNIBE</controlfield>
  <controlfield tag="005">20250515105014.0</controlfield>
  <controlfield tag="008">250515b2024    sp ||||| |||| 00| 0 spa d</controlfield>
  <datafield tag="020" ind1=" " ind2=" ">
    <subfield code="a">9788427731226</subfield>
  </datafield>
  <datafield tag="040" ind1=" " ind2=" ">
    <subfield code="a">BIBLIOTECA UNIBE</subfield>
    <subfield code="c">BIBLIOTECA UNIBE</subfield>
    <subfield code="e">rda</subfield>
  </datafield>
  <datafield tag="041" ind1=" " ind2=" ">
    <subfield code="a">spa</subfield>
  </datafield>
  <datafield tag="082" ind1=" " ind2=" ">
    <subfield code="a">370.7 D636</subfield>
  </datafield>
  <datafield tag="245" ind1="1" ind2="0">
    <subfield code="a"> Hacia una formaci&#xF3;n transformadora de docentes : </subfield>
    <subfield code="b">estrategias eficaces para  formadores</subfield>
  </datafield>
  <datafield tag="260" ind1=" " ind2=" ">
    <subfield code="a">Madrid :  </subfield>
    <subfield code="b">Narcea,</subfield>
    <subfield code="c">2024</subfield>
  </datafield>
  <datafield tag="300" ind1=" " ind2=" ">
    <subfield code="a">192 p&#xE1;ginas</subfield>
  </datafield>
  <datafield tag="490" ind1=" " ind2=" ">
    <subfield code="a">Educaci&#xF3;n hoy.  Estudios </subfield>
  </datafield>
  <datafield tag="505" ind1=" " ind2=" ">
    <subfield code="a">I. SITU&#xC1;NDONOS |

1. Unas preguntas de partida: &#xBF;C&#xF3;mo se aprende a ser docente? |

2. &#xBF;C&#xF3;mo hay que replantear el binomio teor&#xED;a-pr&#xE1;ctica? |

II. ADOPTANDO UNOS NUEVOS PRINCIPIOS EPISTEMOL&#xD3;GICOS |

3. &#xBF;C&#xF3;mo materializar la formaci&#xF3;n inicial y permanente de docentes desde la perspectiva sociocultural?  |

4. &#xBF;C&#xF3;mo planificar las intervenciones formativas para promover un aprendizaje orientado al desarrollo de competencias? La mediaci&#xF3;n estructurada. |

5. &#xBF;C&#xF3;mo ayudar a adoptar nuevas maneras de pensar y hacer a trav&#xE9;s de un aprendizaje conceptual conectado con la pr&#xE1;ctica? La mediaci&#xF3;n conceptual. |

6. &#xBF;C&#xF3;mo utilizar la interacci&#xF3;n entre experto y novel como herramienta para la construcci&#xF3;n guiada de conocimiento? La mediaci&#xF3;n interaccionista I. |

7. &#xBF;C&#xF3;mo promover un trabajo constructivo entre iguales? La mediaci&#xF3;n interaccionista II. |

III. TRANSFORMANDO LAS PR&#xC1;CTICAS FORMATIVAS |

8. Avanzando hacia pr&#xE1;cticas formativas transformadoras en la formaci&#xF3;n inicial docente: ejemplificaci&#xF3;n en una asignatura de Did&#xE1;ctica de la Matem&#xE1;tica. |

9. Transformando una programaci&#xF3;n fragmentaria en una programaci&#xF3;n hol&#xED;stica, integradora y colaborativa en el Grado en Maestro. |

10. Avanzando hacia una formaci&#xF3;n interna en centros educativos desde la perspectiva de las comunidades de pr&#xE1;ctica. |
</subfield>
  </datafield>
  <datafield tag="520" ind1="3" ind2=" ">
    <subfield code="a">

La relaci&#xF3;n entre pr&#xE1;ctica y teor&#xED;a sigue siendo uno de los aspectos m&#xE1;s problem&#xE1;ticos en el &#xE1;mbito de la formaci&#xF3;n docente. Este libro se dirige a personas formadoras &#x2013;tanto de la formaci&#xF3;n inicial como continua&#x2013; y pretende allanar el camino de la pr&#xE1;ctica a la teor&#xED;a y viceversa. Para ello se describe, fundamenta y ejemplifica una metodolog&#xED;a formativa integradora, abierta, colaborativa y autorreguladora, orientada a establecer esta conexi&#xF3;n tan deseada y ayudar a los docentes en formaci&#xF3;n a ser los protagonistas de su propio desarrollo profesional. 

El libro se estructura en tres bloques: primero, se responden algunas preguntas de partida imprescindibles: &#xBF;C&#xF3;mo se aprende a ser docente? &#xBF;Qu&#xE9; tipo de formaci&#xF3;n es m&#xE1;s adecuada para promover un desarrollo profesional eficaz? En el segundo bloque, se incide en el binomio &#x201C;pr&#xE1;ctica-teor&#xED;a&#x201D; as&#xED; como en la relaci&#xF3;n entre expertos y noveles, y se presentan nuevas estrategias basadas en principios socioculturales y neo-socioculturales; y, en el tercero, se presentan ejemplos de pr&#xE1;cticas formativas basadas en estos principios, los resultados y las perspectivas futuras. 
</subfield>
  </datafield>
  <datafield tag="650" ind1=" " ind2="7">
    <subfield code="2">lemb</subfield>
    <subfield code="a">Ense&#xF1;anza</subfield>
  </datafield>
  <datafield tag="650" ind1=" " ind2="7">
    <subfield code="2">lemb</subfield>
    <subfield code="a">Pedagog&#xED;a</subfield>
  </datafield>
  <datafield tag="650" ind1=" " ind2="7">
    <subfield code="2">lemb</subfield>
    <subfield code="a">Formaci&#xF3;n profesional</subfield>
    <subfield code="9">195433</subfield>
  </datafield>
  <datafield tag="650" ind1=" " ind2="7">
    <subfield code="2">lemb</subfield>
    <subfield code="a">Docentes </subfield>
  </datafield>
  <datafield tag="650" ind1=" " ind2="7">
    <subfield code="2">lemb</subfield>
    <subfield code="a">Profesores</subfield>
  </datafield>
  <datafield tag="700" ind1="1" ind2=" ">
    <subfield code="a">Esteve, Olga</subfield>
    <subfield code="e">editor</subfield>
    <subfield code="9">195434</subfield>
  </datafield>
  <datafield tag="700" ind1="1" ind2=" ">
    <subfield code="a">Alsina, &#xC1;ngel</subfield>
    <subfield code="e">editor</subfield>
    <subfield code="9">195435</subfield>
  </datafield>
  <datafield tag="700" ind1="1" ind2=" ">
    <subfield code="a">Lantolf, James </subfield>
    <subfield code="e">prologuista</subfield>
    <subfield code="9">195436</subfield>
  </datafield>
  <datafield tag="942" ind1=" " ind2=" ">
    <subfield code="2">ddc</subfield>
    <subfield code="c">BK</subfield>
  </datafield>
  <datafield tag="999" ind1=" " ind2=" ">
    <subfield code="c">113634</subfield>
    <subfield code="d">113634</subfield>
  </datafield>
  <datafield tag="952" ind1=" " ind2=" ">
    <subfield code="0">0</subfield>
    <subfield code="1">0</subfield>
    <subfield code="2">ddc</subfield>
    <subfield code="7">0</subfield>
    <subfield code="8">GEN</subfield>
    <subfield code="a">Principal</subfield>
    <subfield code="d">2025-05-15</subfield>
    <subfield code="l">1</subfield>
    <subfield code="o">370.7 D636</subfield>
    <subfield code="p">250599</subfield>
    <subfield code="r">2025-05-21 09:12:49</subfield>
    <subfield code="s">2025-05-21</subfield>
    <subfield code="t">Ej. 1</subfield>
    <subfield code="w">2025-05-15</subfield>
    <subfield code="y">BK</subfield>
  </datafield>
</record>
